00921nam a2200217Ia 4500003000900000008004100009040001600050080002200066111007800088245016000166260003500326300001400361650004100375650002200416650003000438700003300468710005400501942000700555999001500562952012600577IN-BaIIA211028s9999 xx 000 0 eng d cIIA Library a524.5(082.2)bINT asymposium on HII RegionscCharlottesville, Varginiad1967 Dec. 8-1197201 0aInterstellar ionized hydrogenbproceedings of a symposium on HII regions, held in Charlottesville, Varginia, December 8-11, 1967cedited by Yervant Terzian aNew YorkbW. A. Benjaminc1968 aix, 774p. aAstronomy and astrophysics thesaurus aHII regions97202 aInterstellar matter91189 aTerzian, Yervant., ed.97203 aNational Radio Astronomy Observatory (U.S.)97204 cBK c4079d4079 00104070aBANbBANcGENd1972-12-27g149.75l0o524.5(082.2)/ INTp4551r2021-11-05v149.75w1972-12-27yBKGRs. 149.75